All About Me - Statistics

General Stats
  • This quiz has been taken 6 times
  • The average score is 3 of 15
Answer Stats
Question Answer % Correct
Favorite season? Fall
100%
Main sport? Fencing
50%
Favorite book? The Giver
50%
Favorite show? Yellowjackets
50%
How many siblings? 2 sisters
0%
How many pets? 3
0%
Favorite singer? Alex G
0%
Original state? California
0%
Main instrument? Drums
0%
Favorite subject? English
0%
Birthday? February 28th
0%
Favorite color? green
0%
Favorite clothing store? RCNSTRCT
0%
Dream job? Screenwriter
0%
Favorite type of art? Watercoloring
0%
No matching quizzes found
Score Distribution
Percent of People with Each Score
Percentile by Number Answered
Your Score History
You have not taken this quiz